[Event "2.BLN 1516 SSC Rostock - SV Werder Brem"]
[Site "?"]
[Date "2016.03.13"]
[Round "8.3"]
[White "Charmeteau, Sven"]
[Black "Szelag, Marcin"]
[Result "1-0"]
[WhiteElo "2271"]
[BlackElo "2439"]
[Annotator "Sven Charmeteau"]
[PlyCount "203"]
[EventDate "2016.??.??"]
[SourceDate "2015.04.14"]

1. e4 c5 2. Nf3 d6 3. d4 cxd4 4. Nxd4 Nf6 5. Nc3 a6 6. Bg5 e6 7. f4 Be7 8. Qf3
Qc7 9. O-O-O Nbd7 10. f5 Ne5 11. Qh3 Nfg4 12. Bxe7 Qxe7 13. Qg3 {[#] Bisher
war ich noch in meiner Vorbereitung.} h5 {Meine weitere Vorbereitung war auf
kurze Rochade gerichtet, was nach 13...h5 selbstverständlich nicht mehr kam.}
(13... Qg5+ $6 14. Kb1 Qe3 15. Nf3 $14) 14. Qf4 {Und schon die erste
Ungenauigkeit. Ich hatte vor Dg5+ nebst h4 und Se3 Angst.} ({...was natürlich
} 14. Kb1 {ganz einfach pariert.}) 14... Bd7 15. Be2 (15. Kb1) 15... O-O-O 16.
Rhf1 Kb8 17. h3 Nf6 18. Nf3 {Auf den Zug war ich stolz. Ich möchte seinen
starken Springer los sein, so dass ich mehr Druck auf d6 ausüben kann.} Nxf3
19. Rxf3 e5 {Eine drastische aber notwendige Maßnahme.} 20. Qh4 Rc8 $6 (20...
Bc6 21. Rfd3 $14) 21. Rfd3 Rc6 22. g4 {Ein bisschen zu gierig, obwohl ich auch
hier klar besser stehe.} (22. Qg5 $16) 22... Rhc8 23. gxh5 (23. Kb1 $16) 23...
b5 24. a3 a5 25. Qe1 Rc4 $2 (25... b4 {wäre nicht so schlecht gewesen wie 25..
. Tc4.} 26. axb4 axb4 27. Nd5 Rxc2+ 28. Kb1 Nxd5 29. Rxd5 Bc6 $1 {Aber den
müsste Schwarz noch finden, um nicht sofort zu verlieren.} 30. f6 $1 gxf6 31.
Qxb4+ $16) 26. Kb1 b4 {[#]} 27. axb4 {Hier hatte ich schon wenig Zeit und es
sind noch viele Züge bis zur Zeitkontrolle. Also wollte ich lieber etwas
ruhiger spielen.} (27. Rxd6 $1 Rxc3 28. bxc3 $18 {Und schon ist der Angriff
von Schwarz im Eimer, am Brett habe ich es allerdings nicht so gesehen.}) 27...
axb4 28. Nd5 (28. Na2 $1 Rxe4 29. Nxb4 $18) 28... Nxd5 29. Rxd5 Rxe4 30. Rxd6 (
30. Qf2 Bc6 31. Rxd6 $16) 30... Bxf5 31. Qf2 (31. Rb6+ Ka7 32. Rb5 Rd4 33. Ra5+
Kb8 34. Bd3 $14 {Der weiße Vorteil ist schon nicht mehr so groß.}) 31... Rf4
32. Rb6+ (32. Qb6+ Qb7 33. Qxb7+ Kxb7 34. Ba6+ Kc7 35. Bxc8 Kxc8 {habe ich
gerechnet, aber es war mir klar, dass ich früher viel besser stand als in
dieser Abwicklung.} 36. Kc1 $16) 32... Kc7 33. Qg1 Ra8 $4 {[#]} (33... Rd4 34.
Rb5 Rxd1+ 35. Bxd1 $14) 34. Ba6 (34. Rdd6 $1 {droht Dc5#} Qxd6 35. Rxd6 Kxd6
36. Qb6+ Ke7 37. Qb7+ $18) 34... Be4 35. h6 $6 {Hier habe ich mit
verschiedenen Pläne durcheinander gegangen. Meine ursprünglich Idee war,
meinem Turm Luft zu geben und dadurch das b6-Feld frei für die Dame zu lassen.
} (35. Qe3 $18) 35... gxh6 36. Qe3 $1 f6 37. Rg1 $2 {Jetzt ist die Stellung
laut Engine völlig ausgeglichen! Mit knapper Zeit drohe ich den primitiven
Tg7 nebst Dc5+ und hoffentlich Matt setzen.} (37. b3 $1 $18) 37... Bc6 38. b3
$2 {Jetzt stehe ich auf Verlust.} (38. Rg7 Qxg7 39. Qc5 Qd7 40. Rb7+ Kd8 41.
Rxd7+ Kxd7 42. Bb5 Bxb5 43. Qxb5+ $11) 38... Rd4 39. Rxc6+ Kxc6 40. Bd3 {[#]}
Qa7 $2 {Auch mein Gegner versaut eine Gewinnstellung im Zeitnot, eben am 40.
Zug!} (40... Rad8 $1 $19) 41. Be4+ Kb5 42. Qe2+ (42. Bxa8 $4 Rd1+ 43. Rxd1 Qxe3
$19) 42... Ka5 43. Bxa8 Qxa8 44. Rg7 Kb6 45. Rf7 Qd8 46. Qf2 Kb5 {47.Txf6 ist
schnell Remis, obwohl ich mir in der Partie nicht ganz sicher war, wegen dem
freien e-Bauern und da mein König abgeschnitten ist.} 47. Qf1+ {Jetzt kann
ich sogar derjeniege sein, der Druck macht, da sein König sich schwieriger
verstecken kann.} (47. Rxf6 Rd1+ 48. Kb2 Qd4+ 49. Qxd4 Rxd4 50. Rxh6 $11) 47...
Kc5 48. Qa6 (48. Kb2 Rf4 49. Qa6 $16) 48... Rf4 (48... Rd1+ 49. Ka2 Kd4 50.
Rxf6 Ke3 $15) 49. Rb7 (49. Kb2 $16) 49... Kd5 {[#]} 50. Rg7 {Da ich kein
Engine bin, finde ich nicht diese wahnsinnige Varianten und komme zur Kenntnis,
dass ich auf Remis spiele.} (50. Rb6 $1 Qd7 (50... Ke4 51. Rd6 $18) 51. Ka2 h5
52. h4 {Der Computer findet ein Zugzwang, unglaublig!} Rg4 53. Rxf6 Rf4 54. Rb6
Rg4 55. Kb2 Rf4 56. Rb7 Qe8 57. Ra7 Qd8 58. Qb5+ Ke4 59. Rd7 $18) 50... Ke4 51.
Qe2+ Kf5 52. Qh5+ Ke6 53. Qf7+ Kd6 54. Qb7 Qe8 55. Qa6+ {war ungenau.} (55.
Qb6+ Qc6 56. Qd8+ Ke6 57. Qg8+ {Dieses Schach habe ich übersehen.} Kf5 58.
Qh7+ Ke6 59. Qg8+ $11) 55... Qc6 56. Qd3+ (56. Qe2) 56... Rd4 {Schwarz hat
einen kleinen Vorteil erreichert.} 57. Qf1 Ke6 58. Rh7 (58. Qe2) 58... Rf4 (
58... Rd2 $1 59. Qxf6+ {Dieser Trick, den ich vorgesehen hatte, hätte dann
doch nicht geklappt!} Kxf6 60. Rxh6+ Kf5 61. Rxc6 e4 $19) 59. Qd3 (59. Qg1 $11)
59... Qd6 (59... Rf3 60. Qd1 Rg3 $17) 60. Qb5 $2 (60. Qe2 $11) 60... Kf5 $2 (
60... Qd1+ $1 61. Kb2 Rf1 62. Qe8+ Kf5 63. Qd7+ Qxd7 64. Rxd7 e4 $19) 61. Rxh6
$2 (61. Rd7 Qe6 62. Rg7 Rf2 63. Qb7 $11) 61... Qd1+ 62. Kb2 Qd4+ $2 (62... Kg5
$1 63. Rh8 Rf1 64. h4+ Kf4 65. Qxb4+ e4 66. Qb8+ Kf3 67. Qa7 Qb1+ 68. Kc3 Rc1
69. Kb4 Qxc2 70. Qd4 f5 $19) 63. Ka2 Qa7+ 64. Kb2 Kg5 65. Rh8 Qd4+ 66. Ka2 Rf2
67. Rg8+ (67. Rc8 Qd1 68. h4+ Kf5 69. Kb2 Rf1 70. Qd3+ e4 71. Qh3+ Kf4 72. Qh2+
Ke3 73. Qg3+ Qf3 74. Qg6 Qf4 75. Rc5 Qxh4 $19) 67... Kh6 $2 (67... Kf5 68. Rc8
Qd1 69. Qxb4 Rxc2+ 70. Rxc2 Qxc2+ 71. Ka3 Qc1+ 72. Ka4 e4 $17) 68. Rc8 Rd2 (
68... e4 $15) 69. Qb7 {[#]} Rd1 $4 {Plötzlich wird die Stellung ganz klar.} (
69... Qd3 70. Kb2 Qd4+ 71. Ka2 Qd3 72. Kb2 $11) 70. Rh8+ Kg6 (70... Kg5 71.
Rg8+ Kf5 72. Qh7+ Ke6 73. Re8+ Kd6 74. Qe7+ (74. Rd8+ $18 {ist natürlich
menschlicher}) 74... Kc6 75. Rc8+ Kb5 76. Rb8+ Kc6 77. Qe6+ Qd6 78. Qc4+ Qc5
79. Rc8+ $18) 71. Qh7+ Kg5 72. Rg8+ Kf4 73. Rg4+ Ke3 74. Rxd4 Rxd4 75. Qf5 (75.
h4) 75... Rf4 76. Qd3+ Kf2 77. Qd2+ Kf3 78. c4 bxc3 79. Qxc3+ Kg2 80. h4 e4 (
80... Rxh4 81. Qc6+ Kg1 82. Qxf6 $18) 81. Qe3 {[#]} (81. h5) 81... Rf2+ (81...
Rxh4 82. b4 $18 {Der Turm ist abgesperrt und die schwarzen Bauern laufen nicht
gut weiter.}) 82. Ka3 f5 83. h5 Rf3 84. Qd2+ Kf1 85. Qh2 (85. h6 {wäre noch
leichter gewesen, aber einiges musste gerechnet werden.} e3 (85... Rh3 86. Qf4+
Kg2 (86... Rf3 87. Qh2 $18) 87. Qxf5 $18) 86. Qd5 Rh3 87. Qxf5+ Kg2 88. h7 $18)
85... e3 86. h6 e2 87. h7 e1=Q 88. Qh1+ Kf2 89. Qxe1+ Kxe1 90. h8=Q f4 91. Qe5+
Kd2 92. Qd4+ Ke2 93. Qe4+ Kf2 94. Ka4 Kg3 95. b4 Rf1 96. b5 f3 97. b6 f2 98. b7
Ra1+ 99. Kb3 f1=Q 100. b8=Q+ Kh3 101. Qh8+ Kg3 102. Qhh4# {[#] Eine verrückte
Partie und mein erster Sieg gegen ein IM bei langer Bedenkzeit!} 1-0

[Event "2.BLN 1516 SSC Rostock - SV Werder Brem"]
[Site "?"]
[Date "2016.03.14"]
[Round "8.7"]
[White "Kardoeus, David"]
[Black "Skibbe, Willi"]
[Result "0-1"]
[WhiteElo "2110"]
[BlackElo "2268"]
[Annotator "Buchal,Stephan"]
[PlyCount "70"]
[EventDate "2016.??.??"]
[SourceDate "2015.04.14"]

1. e4 e5 2. Nf3 Nc6 3. Bb5 a6 4. Bxc6 dxc6 5. O-O Be7 6. Nxe5 Qd4 7. Qh5 Be6 8.
Nf3 Qxe4 9. Ng5 Qf5 10. Nxe6 Qxe6 11. Nc3 O-O-O 12. d3 Nf6 13. Qf3 Bd6 14. h3
Qe5 15. g3 h5 16. Bd2 Qe6 17. Kg2 Nd7 18. Qe4 Qf6 19. h4 Rde8 {Diagramm [#]}
20. Bg5 {Ein "schlauer" Zwischenzug, der leider glatt widerlegt wird. Nämlich
wie??} Rxe4 21. Bxf6 Rb4 $1 {Die Pointe. Jetzt hängt b2 und 22.Lxg7 scheitert
an 22... Th7 mit Figurengewinn.} 22. a3 Rxb2 23. Bxg7 Rg8 24. Bd4 Rxc2 25. Ne4
Be7 26. Be3 Ne5 27. d4 Ng4 28. Rae1 Bxa3 29. Ng5 Bb4 30. Nxf7 Bxe1 31. Rxe1 Rf8
32. Ng5 Nxf2 33. Kg1 Nd3 34. Rd1 Nb2 35. Re1 Re8 0-1

[Event "2.BLN 1516 SV Werder Bremen - SF Schwer"]
[Site "?"]
[Date "2016.04.10"]
[Round "9.1"]
[White "Horvath, Jozsef"]
[Black "Koop, Thorben"]
[Result "1/2-1/2"]
[WhiteElo "2527"]
[BlackElo "2423"]
[Annotator "Buchal,Stephan"]
[PlyCount "78"]
[EventDate "2016.??.??"]
[SourceDate "2015.04.14"]

1. Nf3 Nf6 2. g3 g6 3. b3 Bg7 4. Bb2 O-O 5. Bg2 d5 6. c4 c6 7. O-O Bg4 8. d3
Bxf3 9. Bxf3 e6 10. Nd2 Nbd7 11. d4 Qe7 12. Rc1 e5 13. cxd5 Nxd5 14. Nc4 {
Diagramm [#]} e4 $5 {mutig gespielt! Der Beginn eines spannenden taktischen
Geplänkels mit ungewissem Ausgang.} 15. Ba3 Qe6 16. Bxf8 $6 {Der GM nimmt den
Fehdehandschuh auf.} ({Nach} 16. Bg2 {blieb die Stellung "normal" und
ausgeglichen.}) 16... exf3 17. e4 $1 {einziger Zug} Nf4 $1 {einziger Zug} 18.
Qxf3 Nh3+ 19. Kh1 Nxf8 {Diagramm [#] Schwarz steht eigentlich sehr gut - wenn
er den Sh3 wieder ins Spiel brächte ...} 20. d5 cxd5 21. exd5 Qd7 22. Rce1 Rd8
23. Qg2 g5 $5 24. d6 Ng6 25. Na5 $2 Rb8 $2 {Hier waren beide schon sehr knapp
an Zeit.} ({Mit} 25... Bc3 $1 {konnte Thorben in Vorteil kommen:} 26. Nxb7
Nxf2+ 27. Kg1 Rc8 $1 {und der Sf2 ist dreifach angegriffen, aber kann nicht
geschlagen werden, denn} 28. Kxf2 {scheitert an} Bd4+) 26. Nc4 g4 27. f3 h5 $2
(27... gxf3 $142 28. Qxf3 Ng5 $13) 28. fxg4 hxg4 29. Qd5 Rf8 30. a4 ({
Sofortiges} 30. Re4 $18 {war stark}) 30... b6 31. Re4 Kh7 32. Ne3 {Diagramm [#]
} Qd8 $2 {Die Stellung ist unglaublich anspruchsvoll und im
30-Sekunden-Rhythmus nicht zu bewältigen.} (32... f5 $1 $11 {war richtig
stark, weil Weiß den Bauern nicht nehmen darf. Entweder wegen der Gabel auf
f2 oder der anfälligen Diagonale h1-a8:} 33. Nxf5 (33. Rxf5 Rxf5 34. Nxf5 Nf2+
$11) 33... Be5 $3 $19) 33. Rxg4 $18 f5 34. Rc4 f4 35. Qh5+ Kg8 {Diagramm [#]}
36. Qd5+ $2 {Weiß steht auf Gewinn - aber auch der Großmeister war hier mit
seinen Nerven am Ende und fand nichts Besseres als das Dauerschach:} (36. Qxg6
Rf6 (36... fxe3 37. Qe6+ Kh7 38. Qxh3+ $18) 37. Qg4 fxe3 38. Rc8 $1 Rxf1+ 39.
Kg2 $18) 36... Kh7 37. Qh5+ Kg8 38. Qd5+ Kh7 39. Qh5+ Kg8 1/2-1/2

[Event "2.BLN 1516 SV Werder Bremen - SF Schwer"]
[Site "?"]
[Date "2016.04.10"]
[Round "9.4"]
[White "Lichmann, Peter"]
[Black "Spivak, Ilya"]
[Result "1-0"]
[WhiteElo "2347"]
[BlackElo "2341"]
[Annotator "Buchal,Stephan"]
[PlyCount "93"]
[EventDate "2016.??.??"]
[SourceDate "2015.04.14"]

1. e4 c5 2. Nf3 Nc6 3. Nc3 e5 4. Bc4 d6 5. h3 Be7 6. d3 Nf6 7. O-O O-O 8. a4
Nd7 9. Nd5 Nb6 10. Nxb6 axb6 11. c3 Kh8 12. Ne1 f5 13. f4 exf4 14. Bxf4 Ne5 15.
Bxe5 dxe5 16. Nf3 Qc7 17. Qe2 fxe4 18. Qxe4 Bf5 19. Qe3 Bf6 20. Rae1 Bd7 21.
Nxe5 Bxe5 22. Rxf8+ Rxf8 23. Qxe5 Qxe5 24. Rxe5 Bxa4 25. d4 cxd4 26. cxd4 g6
27. b3 Bc6 28. d5 Re8 29. Rxe8+ (29. dxc6 Rxe5 30. cxb7 Re8 31. Be6 Rb8 32. Bc8
Kg7 33. Kf2 Kf6 34. Ke3 Ke5 35. h4 b5 36. b4 Kd5 37. Kf4 Kc4 38. Ke5 Kxb4 39.
Kd6 Kc4 40. Kc7 Rxb7+ 41. Bxb7) 29... Bxe8 30. g4 Kg8 31. g5 b5 32. Be2 Kf7 33.
Kf2 Ke7 34. Ke3 Kd6 35. Kd4 b6 36. b4 Bf7 37. Bf3 Bg8 38. h4 Bf7 39. Bg2 Bg8
40. Be4 Bf7 {Diagramm [#] Während sich die Kiebitze noch fragten, ob Schwarz
vielleicht eine Festung hat, weist Peter mit 2 genauen Zügen sofort das
Gegenteil nach:} 41. h5 $1 Be8 (41... gxh5 42. Bxh7 h4 43. g6 Bxd5 (43... Bg8
44. Bxg8 h3 45. Be6 h2 46. g7 h1=Q 47. g8=Q $18) 44. g7 h3 45. g8=Q Bxg8 46.
Bxg8 h2 47. Bd5) 42. Bxg6 $1 {und nach dem erzwungenen} Bxg6 {ist das
Bauernendspiel einfach gewonnen.} 43. hxg6 hxg6 44. Ke4 Ke7 45. Ke5 Kd7 46. d6
Ke8 47. Kf6 1-0

[Event "2.BLN 1516 SV Werder Bremen - SK Zehlen"]
[Site "?"]
[Date "2016.04.24"]
[Round "2.2"]
[White "Grigorian, Spartak"]
[Black "Malek, Daniel"]
[Result "1-0"]
[WhiteElo "2288"]
[BlackElo "2431"]
[PlyCount "69"]
[EventDate "2016.??.??"]

1. d4 Nf6 2. c4 e6 3. Nc3 Bb4 4. e3 O-O 5. Bd3 c5 6. Nf3 Nc6 7. O-O Bxc3 8.
bxc3 d6 9. Rb1 e5 10. Nd2 Rb8 11. Qc2 cxd4 12. exd4 exd4 13. Ne4 h6 14. Ba3
Nxe4 15. Bxe4 Qc7 16. Rfd1 b6 17. cxd4 Rd8 18. Rd3 Ba6 19. Rc1 Na5 20. Rg3 Kh8
21. d5 Nxc4 22. Bb2 f6 23. Qe2 Qe7 24. Qg4 Qf7 25. Bg6 Qe7 26. Be4 Qf7 27. Qf5
Kg8 28. Qh7+ Kf8 29. Bf5 Qg8 30. Qxg8+ Kxg8 31. Bxf6 g5 32. Rh3 Rf8 33. Be6+
Kh7 34. Bf5+ Kg8 35. Rxh6 1-0

[Event "2.BLN 1516 SV Werder Bremen - SK Zehlen"]
[Site "?"]
[Date "2016.04.24"]
[Round "2.5"]
[White "Kalabic, Faris"]
[Black "Mueller, Oliver"]
[Result "0-1"]
[WhiteElo "2223"]
[BlackElo "2255"]
[PlyCount "38"]
[EventDate "2016.??.??"]

1. d4 Nf6 2. Bf4 g6 3. Nc3 d5 4. Qd2 Bg7 5. Bh6 O-O 6. h4 c5 7. Bxg7 Kxg7 8.
dxc5 Nc6 9. f3 h5 10. e3 e5 11. Nh3 Bxh3 12. Rxh3 d4 13. Ne4 Nxe4 14. fxe4 Qe7
15. Bb5 Qxc5 16. Bxc6 Qxc6 17. O-O-O Rfd8 18. Re1 a5 19. Rd1 dxe3 0-1

[Event "2.BLN 1516 SV Werder Bremen - SK Zehlen"]
[Site "?"]
[Date "2016.04.24"]
[Round "2.3"]
[White "Lagunow, Alexander"]
[Black "Lichman, Peter"]
[Result "1/2-1/2"]
[WhiteElo "2439"]
[BlackElo "2347"]
[PlyCount "75"]
[EventDate "2016.??.??"]

1. Nf3 Nf6 2. c4 g6 3. g3 Bg7 4. Bg2 O-O 5. O-O d6 6. d4 Nbd7 7. Nc3 e5 8. e4
c6 9. b3 Re8 10. h3 exd4 11. Nxd4 Nc5 12. Re1 a5 13. Rb1 Nh5 14. Be3 Ne6 15.
Qd2 Nxd4 16. Bxd4 Be5 17. Rbd1 Qf6 18. Ne2 a4 19. Be3 axb3 20. axb3 Qe6 21. g4
Ng7 22. f4 Bf6 23. Qxd6 Qxd6 24. Rxd6 Be7 25. Rd3 f5 26. gxf5 gxf5 27. e5 Ne6
28. Nd4 Nxd4 29. Bxd4 Be6 30. Ra1 Rxa1+ 31. Bxa1 Ra8 32. Bd4 Ra3 33. Bf1 Kf7
34. Bb6 Ra6 35. Be3 Ra3 36. Bb6 Ra6 37. Bd4 Ra3 38. Bb6 1/2-1/2

[Event "Landesliga"]
[Site "?"]
[Date "2016.04.10"]
[Round "9"]
[White "Kardoeus, David"]
[Black "Schulze, Ingo"]
[Result "1-0"]
[WhiteElo "2115"]
[BlackElo "2037"]
[Annotator "David Kardoeus"]
[PlyCount "69"]
[EventDate "2016.??.??"]
[SourceDate "2015.04.14"]

{Diese Partie wurde am letzten Spieltag der Landesliga Nord zwischen Werder 3
und dem Post SV Uelzen gespielt, wobei der Sieger des Mannschaftskampfes in
die Oberliga aufsteigen würde.} 1. e4 c6 2. d4 d5 3. e5 Bf5 4. Nf3 e6 5. Be2
Bg4 {ist keine Theorie und wirkt komisch. Der Läufer zieht ein zweites Mal
und Weiß ist in der Entwicklung ein gutes Stück voran.} 6. O-O c5 7. c4 (7.
c3 {führt früher oder später zu einer Struktur in der das weiße
Läuferpaar entwertet ist, weil es keinen Hebel zum öffnen der Stellung gibt}
cxd4 8. cxd4 Bxf3 9. Bxf3) 7... dxc4 8. Na3 Ne7 $2 {ist eine grobe
Ungenauigkeit, da es das Feld d6 aus den Augen verliert} 9. Bg5 {verhindert
dass der Springer zieht und das Feld d6 kontrolliert} h6 {[%csl Re7][%cal
Ga3c4,Gc4d6] [#] greift zwar den Läufer an, löst aber nicht das Problem des
gefesselten Springers} (9... Qd7 {ist bereits notwendig um das Feld d6
rechtzeitig unter Kontrolle zu bringen} 10. Nxc4 $16 {Weiß hat nach wie vor
Raumvorteil und ist besser entwickelt}) 10. Nxc4 $1 hxg5 11. Nd6+ Kd7 12. dxc5
{droht mit Sf7+ die Dame zu gewinnen, oder mit Da4+ das geopferte Material
zurückzubekommen} Nd5 13. Qa4+ (13. Nxf7 Qa5 14. Nxh8 Nc6 {
selbstverständlich steht Weiß klar auf Gewinn, allerdings hat mir das
Ungleichgewicht des Materials in dieser Stellung nicht zugesagt, weshalb ich
mich gegen diese Variante entschied}) 13... Nc6 14. Qxg4 {Weiß hat einen
Mehrbauern und einen fetten Springer auf d6 installiert möchte das Monster
entfernen...} Bxd6 {[%csl Rd5,Rd6,Rd7,Rd8][%cal Gf1d1] [#]} 15. Rfd1 $1 {
Schwarz hat zu viele Probleme auf der d-Linie und erzwingt bereits} Ke8 (15...
Rh4 16. Nxh4 Nxe5 17. Qa4+ $18) (15... f5 16. exf6 Bxh2+ 17. Nxh2 {und Schwarz
verliert noch mehr Material}) (15... Nxe5 16. Nxe5+ {und Schwarz kann wegen
Txd5 nicht wiedernehmen}) 16. cxd6 {nicht exd6, da man den schwarzen Figuren
nicht unbedingt das Feld f6 geben sollte} Rh6 17. Bc4 Nb6 18. Bb5 Nd7 19. Rac1
Rc8 20. Qa4 {konzentriert den Angriff auf die schwarze Stellung} g4 {ist schon
die beste Lösung, da es die weiße Dame ablenkt und somit den Druck vom Punkt
c6 nimmt} 21. Qxg4 Kf8 22. Qf4 Rg6 23. h4 f6 {[%cal Gf3g5] [#]} 24. Ng5 {
zeigt die schwarzen Schwächen auf. Die schwarze Königsstellung ist kurz vor
dem Zusammenbruch und das Qualitätsopfer auf g5 wäre eine dringende Maßnahme
} Qe8 25. Bc4 Nd8 26. Bxe6 Nxe6 ({Schwarz kann nun nicht mit} 26... Rxc1 {
zwischennehmen, was die schwarze Stellung aufatmen lassen würde.} 27. Nh7# {
zeigt wie schön die weißen Figuren harmonieren}) 27. Nxe6+ Kg8 28. Rxc8 Qxc8
29. Rc1 Qe8 30. Qf5 fxe5 {[#] lädt zu einer schönen Schlusskombination ein}
31. Rc8 $1 {lenkt die Dame ab} Qxc8 32. Qxg6 Qc1+ 33. Kh2 Qh6 34. Qe8+ Kh7 35.
Ng5+ {[#] Die schwarze Dame geht verloren und ein Matt wird in Kürze folgen.
Mit dieser Partie möchte ich mich noch einmal bei Detlef Schötzig und der
gesamten dritten Mannschaft für eine tolle Saison und Mannschaftsleistung
bedanken. Wir haben uns den Aufstieg redlich erarbeitet.} 1-0

[Event "Uhrensimultan"]
[Site "?"]
[Date "2016.04.25"]
[Round "?"]
[White "McShane, Luke"]
[Black "Charmeteau, Sven"]
[Result "1-0"]
[WhiteElo "2669"]
[BlackElo "2306"]
[Annotator "Sven Charmeteau"]
[PlyCount "80"]
[EventDate "2016.??.??"]
[SourceDate "2015.04.14"]

1. e4 c5 2. Nf3 Nc6 3. d4 cxd4 4. Nxd4 e5 5. Nb5 d6 6. c4 Be7 7. N1c3 a6 8. Na3
Be6 9. Be2 Bg5 10. O-O Bxc1 11. Rxc1 Nge7 12. Nc2 O-O 13. b3 {[#]} Rc8 {
musste eigentlich nicht sein.} (13... Ng6 {Conde Llinares,J-Garbarino,R (2370)
St Cugat op 1992 (2) 0-1 Jedes Tempo ist wichtig.}) 14. Qd2 Ng6 15. Rfd1 Nf4
16. Bf1 Qg5 17. Kh1 Rfd8 18. f3 ({Auf} 18. g3 {hätte ich mich gefreut, obwohl}
Bg4 {wegen} 19. Bg2 $1 $14 {nicht geht!}) 18... h5 (18... Qg6 {Schwarz möchte
die Damen auf dem Brett behalten.}) 19. g3 Nh3 20. Qxg5 (20. Bxh3 Qxd2 21. Rxd2
Bxh3 22. Rcd1 b5 23. cxb5 Ne7 ({Ich hatte nur} 23... Nd4 {gesehen, und dachte
ich kriege etwas Kompensation, obwohl es laut Engine nicht reicht.} 24. Nxd4
Rxc3 25. Ne2 Rxf3 26. bxa6 $16) 24. Rd3 axb5 25. Ne3 $14) 20... Nxg5 21. f4 {
[#]} exf4 (21... Nh3 22. Rd2 (22. Bxh3 Bxh3 23. Rd2 f5 {Diese Variante, ohne
auf f4 abzutauschen, hat den Vorteil, dass der Läufer nicht angegriffen
werden kann.}) 22... exf4 23. Bxh3 Bxh3 24. gxf4 b5 $14) 22. gxf4 Nh3 23. Bxh3
Bxh3 24. Rd3 {Den habe ich leider übersehen.} Bg4 {Indem ich h3 provoziere,
habe ich die Hoffnung, dass nachdem Weiß seine Türme verdoppelt und auf d6
schlägt, ich dafür h3 holen kann.} 25. h3 Bd7 26. Rcd1 b5 {Mein einziges
Gegenspiel.} 27. cxb5 (27. c5 Ne7 $1 (27... Nb8 28. cxd6 $16) 28. cxd6 Ng6 $44)
27... axb5 28. Kg2 (28. Nxb5 Ne7 29. Rxd6 Rxc2 30. Rxd7 Rxd7 31. Rxd7 Ng6 32.
a4 Nxf4 33. a5 Ra2 34. b4 Nxh3 35. Nc3 Nf2+ 36. Kg1 Nh3+ 37. Kf1 Ra1+ 38. Kg2
Nf4+ 39. Kh2 Ne6 40. Rd6 $16 {Eine lange Variante, die aber sicherlich
stärker ist als der Textzug.}) 28... Ne7 29. Nb4 Ng6 30. Ne2 Bc6 (30... Re8 {
war genauer} 31. Re3 Bc6 $14) 31. Rd4 {[#]} (31. Nxc6 Rxc6 32. R1d2 $14) 31...
Re8 $6 (31... Bb7 $11 {Hier hätte ich die Gelegenheit nutzen müssen, meinen
schönen Läufer abzusichern.}) 32. Nxc6 Rxc6 33. R1d2 f5 {Ich denke, hier
muss ich in das schlechtere Endspiel gehen. Sonst verbessert Weiß seine
Figuren, während Schwarz zur Verteidigung verpflichtet ist.} 34. exf5 Nh4+ 35.
Kf2 Nxf5 36. Rd5 Rc5 37. Rxc5 dxc5 38. Rd5 g6 39. Rxc5 b4 (39... Ra8) 40. Ng3 (
40. Rc4) 40... Nh4 {[#] Hier hatte ich weniger als 5 Minuten und habe die
restlichen Züge nicht mehr aufgeschrieben. Wir haben noch ca. 20 Züge
gespielt, nach denen wir beide nur noch kaum mehr als 10 Sekunden hatten. Ich
konnte den a2-Bauer abholen aber nach meinem nächsten Zug wurde ich Matt
gesetzt. Auch wenn ich das Matt gesehen hätte, hätte Weiß noch gute
Gewinnchancen gehabt.} ({Das Turmendspiel war mir zu schwierig zu berechnen.
Aber der Engine gibt keinen deutlichen Vorteil für Weiß nach besten Züge
von Schwarz.} 40... Nxg3 41. Kxg3 Kg7 42. Rb5 Re2 43. f5 gxf5 44. Rxf5 Rxa2 45.
Rb5 $11) 1-0